Most Streamed Imagine Dragons Songs - Statistics

General Stats
  • This quiz has been taken 188 times
    134 since last reset
  • The average score is 11 of 20
Answer Stats
# Streams Answer % Correct
1 3,295,824,299 Believer
95%
2 2,611,488,026 Thunder
91%
4 2,009,945,171 Radioactive
89%
3 2,556,534,113 Demons
84%
18 343,983,712 Enemy
68%
5 1,694,527,587 Enemy (With JID)
68%
8 1,344,827,129 Natural
67%
6 1,451,982,509 Bones
65%
7 1,408,036,787 Whatever It Takes
63%
10 1,158,677,653 Bad Liar
56%
12 779,020,281 It's Time
54%
11 1,062,262,052 On Top Of The World
53%
9 1,194,232,340 Sucker for Pain
33%
13 758,355,604 Warriors
33%
16 453,325,160 Follow You
31%
19 341,359,745 Sharks
31%
15 492,519,995 Shots - Broiler Remix
27%
17 346,660,674 I Bet My Life
26%
20 340,320,849 Wrecked
22%
14 607,973,319 Born To Be Yours
6%
No matching quizzes found
Score Distribution
Percent of People with Each Score
Percentile by Number Answered
Your Score History
You have not taken this quiz since the last reset